Philosophy of education (Record no. 356556)
[ view plain ]
| 000 -LEADER | |
|---|---|
| fixed length control field | 00521nam a2200205 4500 |
| 005 - DATE & TIME | |
| control field | 20240827123646.0 |
| 008 - FIXED-LENGTH DATA ELEMENTS--GENERAL INFORMATION | |
| fixed length control field | 240822b |||||||| |||| 00| 0 eng d |
| 020 ## - ISBN | |
| International Standard Book Number | 9788193882986 |
| Price | Rs. 1280.00 |
| 040 ## - CATALOGING SOURCE | |
| Original cataloging agency | VIVEKANANDA LIBRARY |
| 082 ## - DDC NUMBER | |
| Classification number | 370.1 |
| Book Number | M687P |
| 100 ## - MAIN ENTRY--PERSONAL NAME | |
| Personal name | Mishra, Anil Dutta. ed. |
| 245 ## - TITLE STATEMENT | |
| Title | Philosophy of education |
| 260 ## - PUBLICATION, DISTRIBUTION, ETC. (IMPRINT) | |
| Place of publication, distribution, etc | New delhi |
| Name of publisher, distributor, etc | Regal Publications |
| Date of publication, distribution, etc | 2020 |
| 300 ## - PHYSICAL DESCRIPTION | |
| Pages | x, 232 |
| 650 ## - Subject | |
| Subject | Education Philosophy |
| 700 ## - Added Entry Personal Name | |
| Added Entry Personal Name | Tater, Sohan Raj, ed. |
| 942 ## - ADDED ENTRY ELEMENTS (KOHA) | |
| Koha item type | Books |
| 942 ## - ADDED ENTRY ELEMENTS (KOHA) | |
| Koha item type | Books |
| Withdrawn status | Lost status | Source of classification or shelving scheme | Damaged status | Not for loan | Location (home branch) | Sublocation or collection (holding branch) | Shelving location | Date acquired | Koha issues (times borrowed) | Koha full call number | Accession No. | Koha date last seen | Koha item type |
|---|---|---|---|---|---|---|---|---|---|---|---|---|---|
| Dewey Decimal Classification | VIVEKANANDA LIBRARY | VIVEKANANDA LIBRARY | Vivekananda Library | 22/08/2024 | 370.1 M687P | 314336 | 22/08/2024 | Books |
